Catálogo público

Annals of Warsaw Agricultural University SGGW-AR : (Record no. 77646)

MARC details
000 -CABECERA
campo de control de longitud fija 01082cas a22003017ar4500
005 - FECHA Y HORA DE LA ÚLTIMA TRANSACCIÓN
campo de control 20220329142042.0
008 - DATOS DE LONGITUD FIJA--INFORMACIÓN GENERAL
campo de control de longitud fija 990428d1980 po a p rnn uub1eng d
010 ## - NÚMERO DE CONTROL DE LA BIBLIOTECA DEL CONGRESO
Número de control de LC 77646
011 ## - ENLACE DEL NUMERO DE CONTROL DE LA BIBLIOTECA DEL CONGRESO [OBSOLETO]
Número de control de LC 78618
022 0# - NÚMERO INTERNACIONAL NORMALIZADO PARA PUBLICACIONES SERIADAS
Número Internacional Normalizado para Publicaciones Seriadas 0208-5755
035 ## - NÚMERO DE CONTROL DEL SISTEMA
Número de control de sistema 88633
245 00 - MENCIÓN DE TÍTULO
Título Annals of Warsaw Agricultural University SGGW-AR :
Resto del título Food Technology and Nutrition
Mención de responsabilidad, etc. /by Warsaw Agricultural University
260 ## - PUBLICACIÓN, DISTRIBUCIÓN, ETC.
Lugar de publicación, distribución, etc. Warsaw, Poland :
Nombre del editor, distribuidor, etc. Warsaw Agricultural University Press,
Fecha de publicación, distribución, etc. 1980-
300 ## - DESCRIPCIÓN FÍSICA
Extensión v.
362 ## - FECHAS DE PUBLICACIÓN Y/O DESIGNACIÓN SECUENCIAL
Fecha de publicación y/o designación secuencial n.16, 1984
500 ## - NOTA GENERAL
Nota general Contiene resúmenes en polaco
500 ## - NOTA GENERAL
Nota general Se dejó de recibir a partir del n.16, 1986
590 ## - NOTA LOCAL (RLIN)
Nota local BATCH-UPD
Procedencia (VM) [OBSOLETO] 10
Condición del los carretes individuales (VM) [OBSOLETO] 20130110
-- UCH01
-- 0621
590 ## - NOTA LOCAL (RLIN)
Nota local BATCH-UPD
Procedencia (VM) [OBSOLETO] 10
Condición del los carretes individuales (VM) [OBSOLETO] 20130410
-- UCH01
-- 0304
590 ## - NOTA LOCAL (RLIN)
Nota local BATCH-UPD
Procedencia (VM) [OBSOLETO] 10
Condición del los carretes individuales (VM) [OBSOLETO] 20130914
-- UCH01
-- 0154
590 ## - NOTA LOCAL (RLIN)
Nota local CONVERSION
Procedencia (VM) [OBSOLETO] 10
Condición del los carretes individuales (VM) [OBSOLETO] 20130109
-- UCH01
-- 1343
650 14 - PUNTO DE ACCESO ADICIONAL DE MATERIA--TÉRMINO DE MATERIA
Término de materia o nombre geográfico como elemento de entrada Alimentos
Subdivisión general Tecnología
-- Publicaciones periódicas.
9 (RLIN) 4292
650 14 - PUNTO DE ACCESO ADICIONAL DE MATERIA--TÉRMINO DE MATERIA
Término de materia o nombre geográfico como elemento de entrada Nutrición
Subdivisión general Publicaciones periódicas.
9 (RLIN) 82268
780 ## - ENLACE A UN TÍTULO/ENTRADA ANTERIOR
Título Zeszyty Naukowe SGGW
866 ## - MENCIÓN TEXTUAL DE FONDOS--UNIDAD BIBLIOGRÁFICA BÁSICA
Cadena textual n.15-16 (1984-1986)
901 ## - ELEMENTOS DE DATOS A LOCAL LDA (RLIN)
a SE
905 ## - ELEMENTOS DE DATOS E LOCAL, LDE (RLIN)
a Ma. del Socorro Iturbe C.

No items available.